000 00730nam a2200217Ia 4500
003 GCL
008 140319s9999 xx 000 0 ara d
020 _a1089307977
040 _aGCL /
_cGCL
082 0 4 _a005.3
_bو م
100 1 _aوالكنباخ، جون
245 1 0 _aمايكروسوفت اكسيل 2000 /
_cوالكنباخ، جون
250 _aالاولى
260 _aالقاهرة :
_bدار الفاروق للنشر والتوزيع ،
_c2000
300 _a968 ص ؛
_c24 سم
650 0 4 _aمايكروسوفت
650 0 4 _aالبرامج الالية
650 0 4 _aالحاسبات الالكترونية - برامج
650 0 4 _aالبرمجة (حاسبات الكترونية)
942 _2ddc
_cBK
999 _c1231
_d1231